000 00381nam a22001577a 4500
003 MPLRDC
005 20220104125551.0
008 210129b ||||| |||| 00| 0 eng d
082 _a873.57 FNQ
100 _a伏尼契 E. L. VOYNICN
245 _a牛虻
_c
260 _a
_b香港宏图图书公司
_c
300 _b
650 _a英国现代小说
942 _cBK
_o873.57 FNQ
999 _c28386
_d28376